Trade collaboration delivers clean gain (Record no. 75305)
[ view plain ]
| 000 -LEADER | |
|---|---|
| fixed length control field | 01155cab a2200193 4500 |
| 001 - CONTROL NUMBER | |
| control field | L129863 |
| 008 - FIXED-LENGTH DATA ELEMENTS--GENERAL INFORMATION | |
| fixed length control field | 050531n2005 000 0 eng u |
| 035 ## - SYSTEM CONTROL NUMBER | |
| System control number | (Sirsi) u129863 |
| 041 ## - LANGUAGE CODE | |
| Language code of text/sound track or separate title | eng |
| 100 ## - MAIN ENTRY--PERSONAL NAME | |
| Personal name | Early, Catherine |
| 245 ## - TITLE STATEMENT | |
| Title | Trade collaboration delivers clean gain |
| 260 ## - PUBLICATION, DISTRIBUTION, ETC. | |
| Date of publication, distribution, etc. | 2005 |
| 490 ## - SERIES STATEMENT | |
| Series statement | Planning (for the Natural and Built Environment) |
| Volume/sequential designation | (1619) 13 May 2005, 14-15(2) |
| 520 ## - SUMMARY, ETC. | |
| Summary, etc. | Provides a status report on the swift uptake of the Business Improvement District (BID) concept in the UK, with businesses voting in favour of 10 such schemes so far. BIDs have been a possibility since the Local Government Act 2003 introduced powers to create them. Reviews how BIDs work and are funded and outlines their benefits for businesses. The BID concept recognises that the public realm is a trading ground and the trading ground is the public realm. Presents a spectrum of industry comments on BIDs, which mostly see them as a valuable tool for upgrading town and centre settings. Table covers BID votes to date. |
| 590 ## - LOCAL NOTE (RLIN) | |
| Local note | IKA070605 |
| 650 ## - SUBJECT ADDED ENTRY--TOPICAL TERM | |
| Topical term or geographic name entry element | LOCAL GOVERNMENT ACT 2003 |
| 690 ## - LOCAL SUBJECT ADDED ENTRY--TOPICAL TERM (OCLC, RLIN) | |
| Topical term or geographic name as entry element | PROPERTY-COMMERCIAL PROPERTY |
| 942 ## - ADDED ENTRY ELEMENTS (KOHA) | |
| Suppress in OPAC | 0 |
| Withdrawn status | Lost status | Source of classification or shelving scheme | Damaged status | Not for loan | Home library | Current library | Shelving location | Date acquired | Total Checkouts | Full call number | Barcode | Date last seen | Copy number | Price effective from | Koha item type |
|---|---|---|---|---|---|---|---|---|---|---|---|---|---|---|---|
| Dewey Decimal Classification | London | London | Journal article | 31/05/2005 | L129863 | 129863-1001 | 06/08/2019 | 1 | 06/08/2019 | Journal article |